| 000 | 01432nam a2200277Ia 4500 | ||
|---|---|---|---|
| 999 |
_c43986 _d43986 |
||
| 001 | 10736 | ||
| 003 | GE_BSU | ||
| 005 | 20220301113133.0 | ||
| 008 | 181216s2010||||ge |||||||||||||| ||geo|| | ||
| 020 | _a9789941031083 | ||
| 040 | _cGE_BSU | ||
| 041 | _ageo | ||
| 080 | _a37.02+371.3 ე-89 | ||
| 245 |
_aეფექტიანი სწავლება : _bთეორია და პრაქტიკა / _cგამოცდების ეროვნ. ცენტრი, კვლევის დეპარტამენტი ; რედ. ია კუტალაძე ; [წიგნზე მუშაობდნენ: ნუცა (მაგდა) კობახიძე [და სხვ.]]. |
||
| 264 |
_aთბილისი, _c2010. |
||
| 300 |
_a324 გვ.: _bსურ. ; _c20 სმ. |
||
| 500 | _aშემოსულია ტემპუსის პროექტით | ||
| 501 | _aსახელთა საძ.: გვ. 318-321. | ||
| 504 | _aბიბლიოგრ. თავების ბოლოს. | ||
| 653 | _aსწავლების მეთოდიკა | ||
| 700 |
_aკუტალაძე, ია _eრედაქტორი _913573 |
||
| 700 |
_aკობახიძე, ნუცა _913574 |
||
| 700 |
_aგაბაშვილი, მარიამ _913575 |
||
| 700 |
_aგორდელაძე, ნინო _913576 |
||
| 942 |
_cBK _2udc |
||